5HLuxD.jpg

KING HENRY VIII SENIOR AND PRIMARY SCHOOL LIBRARY OPAC

The runaway princess / (Record no. 2325)

000 -LEADER
fixed length control field 01082cam a22003611i 4500
001 - CONTROL NUMBER
control field 019562054
003 - CONTROL NUMBER IDENTIFIER
control field UkOxU
005 - DATE AND TIME OF LATEST TRANSACTION
control field 20230414085653.0
008 - FIXED-LENGTH DATA ELEMENTS--GENERAL INFORMATION
fixed length control field 130204s2013 enka j 000|f eng|d
015 ## - NATIONAL BIBLIOGRAPHY NUMBER
National bibliography number GBB311474
Source bnb
016 7# - NATIONAL BIBLIOGRAPHIC AGENCY CONTROL NUMBER
Record control number 016270302
Source Uk
020 ## - INTERNATIONAL STANDARD BOOK NUMBER
International Standard Book Number 9781409535928 (hbk.) :
035 ## - SYSTEM CONTROL NUMBER
System control number (Uk)016270302
040 ## - CATALOGING SOURCE
Original cataloging agency StDuBDS
Language of cataloging eng
Description conventions rda
Transcribing agency StDuBDS
Modifying agency Uk
-- KH8
042 ## - AUTHENTICATION CODE
Authentication code ukblsr
082 04 - DEWEY DECIMAL CLASSIFICATION NUMBER
Classification number 823.92 DIC
Edition number 23
100 1# - MAIN ENTRY--PERSONAL NAME
Personal name Dickins, Rosie,
Relator term author.
245 14 - TITLE STATEMENT
Title The runaway princess /
Statement of responsibility, etc. Rosie Dickins ; illustrator, Elodie Coudray.
264 #1 - PRODUCTION, PUBLICATION, DISTRIBUTION, MANUFACTURE, AND COPYRIGHT NOTICE
Place of production, publication, distribution, manufacture London :
Name of producer, publisher, distributor, manufacturer Usborne,
Date of production, publication, distribution, manufacture, or copyright notice 2013.
300 ## - PHYSICAL DESCRIPTION
Extent 48 pages :
Other physical details illustrations (colour) ;
Dimensions 20 cm.
336 ## - CONTENT TYPE
Content type term text
Source rdacontent
336 ## - CONTENT TYPE
Content type term still image
Source rdacontent
337 ## - MEDIA TYPE
Media type term unmediated
Source rdamedia
338 ## - CARRIER TYPE
Carrier type term volume
Source rdacarrier
490 0# - SERIES STATEMENT
Series statement Usborne young reading. Series one
500 ## - GENERAL NOTE
General note Formerly CIP.
Institution to which field applies Uk
521 2# - TARGET AUDIENCE NOTE
Target audience note Key Stage 1.
655 #0 - INDEX TERM--GENRE/FORM
Genre/form data or focus term Fairy tales.
655 #0 - INDEX TERM--GENRE/FORM
Genre/form data or focus term Children's stories.
700 1# - ADDED ENTRY--PERSONAL NAME
Personal name Coudray, Elodie,
Relator term illustrator.
700 1# - ADDED ENTRY--PERSONAL NAME
Personal name Perrault, Charles,
Dates associated with a name 1628-1703.
942 ## - ADDED ENTRY ELEMENTS (KOHA)
Source of classification or shelving scheme
Koha item type Books - Fiction
Holdings
Withdrawn status Lost status Source of classification or shelving scheme Damaged status Not for loan Collection code Permanent Location Current Location Shelving location Date acquired Total Checkouts Total Renewals Full call number Barcode Date last seen Date last checked out Price effective from Koha item type
          Fiction KH8 Primary School Library KH8 Primary School Library Non Fiction 2023-04-14 24 1 823.92 DIC KHPL000004074 2026-03-06 2026-02-13 2023-04-14 Books - Fiction

Powered By KH8 IT Dept